00915nam a22002537a 45000010005000000030006000050050017000110080041000280200019000690400029000880500015001170820010001321000025001422450039001672500045002062600038002513000045002895050008003345200214003425210020005565210020005766500031005967000034006275063FISKH20241104134912.0241104b cb ||||| |||| 00| 0 eng d a97804390270069 aFISKHbengcFISKHdFISKH aPZ7.C91483 a821.1 aCummings , Priscilla aRed Kayak /cby Priscilla Cummings aFirst Scholastic printing, February 2007 aNew York : bScholastic ; c2004. a209 pages : billustrations ; c20 cm .  aS  aLiving near the water on Maryland's Eastern Shore, thirteen-year-old Brady and his best friends J.T. and Digger become entangled in a tragedy which tests their friendship and their ideas about right and wrong.8 a800 bLexile 8 aS bRaz-Plus  amysteryvrealistic fiction aVandervoort, Ireneedesigner